مع هيكل (Record no. 15673)
[ view plain ]
| 000 -LEADER | |
|---|---|
| fixed length control field | 00677ngm a22001577a 4500 |
| 008 - FIXED-LENGTH DATA ELEMENTS--GENERAL INFORMATION | |
| fixed length control field | 110711s2005 cau|||||s|||| 00| 0 eng d |
| 082 ## - DEWEY DECIMAL CLASSIFICATION NUMBER | |
| Edition number | 22 |
| Classification number | 327.62 |
| Item number | ه ي ك |
| 245 00 - TITLE STATEMENT | |
| Title | مع هيكل |
| Medium | [تسجيل مرئي]. |
| 260 ## - PUBLICATION, DISTRIBUTION, ETC. (IMPRINT) | |
| Place of publication, distribution, etc | كاليفورنيا : |
| Name of publisher, distributor, etc | الشركة المتحدة للإنتاج الإعلامي، 2005 |
| Date of publication, distribution, etc | 2005 |
| 300 ## - PHYSICAL DESCRIPTION | |
| Extent | 4 قرص ضوئي مليزر (1040دق( : |
| Other physical details | رقمي ؛ |
| Dimensions | 4 3/4 بو |
| 505 ## - FORMATTED CONTENTS NOTE | |
| Formatted contents note | ج1، الحلقات من 1-5 -- ج1، الحلقات من 6-10 |
| 651 ## - SUBJECT ADDED ENTRY--GEOGRAPHIC NAME | |
| 9 (RLIN) | 21491 |
| Geographic name | مصر |
| General subdivision | العلاقات الخارجية |
| 653 ## - INDEX TERM--UNCONTROLLED | |
| Arrived date list | July2011 |
| 710 ## - ADDED ENTRY--CORPORATE NAME | |
| 9 (RLIN) | 26263 |
| Corporate name or jurisdiction name as entry element | الشركة المتحدة للإنتاج الإعلامي |
| 942 ## - ADDED ENTRY ELEMENTS (KOHA) | |
| Source of classification or shelving scheme | Dewey Decimal Classification |
| Item type | CD | DVD - Documentary (NB) |
| Withdrawn status | Lost status | Source of classification or shelving scheme | Damaged status | Not for loan | Location (home branch) | Sublocation or collection (holding branch) | Shelving location | Date acquired | Source of acquisition | Koha issues (times borrowed) | Koha full call number | Piece designation (barcode) | Koha date last seen | Price effective from | Koha item type | Public note |
|---|---|---|---|---|---|---|---|---|---|---|---|---|---|---|---|---|
| Dewey Decimal Classification | Central Library | Central Library | First floor | 11/07/2011 | Purchase | 327.62 ه ي ك | 000006095 | 24/08/2022 | 11/07/2011 | CD | DVD - Documentary (NB) | 2 DVDs | |||||
| Dewey Decimal Classification | Central Library | Central Library | First floor | 11/07/2011 | Purchase | 327.62 ه ي ك | 000024333 | 24/08/2022 | 11/07/2011 | CD | DVD - Documentary (NB) | 2 DVDs |